[Event "FICGS W-ch st1 g15 email"]
[Site "FICGS email"]
[Date "2010.07.02"]
[Round "1"]
[White "Romanazzi, Dante Horacio"]
[Black "De Waele, Willy"]
[Result "0-1"]
[WhiteElo "1538"]
[BlackElo "2037"]
[PlyCount "22"]
[EventDate "2010.??.??"]
[EventType "tourn (corr)"]
[EventRounds "5"]
[SourceTitle "Corr 2013"]
[Source "ChessBase"]
[SourceDate "2012.11.12"]
[SourceVersion "1"]
[SourceVersionDate "2012.11.12"]
[SourceQuality "1"]

1. d4 d5 2. e3 Nf6 3. Nc3 Nc6 4. Bb5 Qd6 5. Bxc6+ Qxc6 6. Nge2 Bf5 7. 0-0 e6 8. f3 h5 9. Ng3 Bh7 10. f4 h4 11. Nh1 h3 0-1

[Event "FICGS W-ch st1 g15 email"]
[Site "FICGS email"]
[Date "2010.07.02"]
[Round "1"]
[White "Romanazzi, Dante Horacio"]
[Black "Vasquez, Fernando Jose Pinto"]
[Result "0-1"]
[WhiteElo "1538"]
[BlackElo "1835"]
[PlyCount "40"]
[EventDate "2010.??.??"]
[EventType "tourn (corr)"]
[EventRounds "5"]
[SourceTitle "Corr 2013"]
[Source "ChessBase"]
[SourceDate "2012.11.12"]
[SourceVersion "1"]
[SourceVersionDate "2012.11.12"]
[SourceQuality "1"]

1. d4 d5 2. e3 Nf6 3. Nc3 Nc6 4. f3 e5 5. Bb5 Bd6 6. Bxc6+ bxc6 7. Nge2 0-0 8. 0-0 Ba6 9. Bd2 Rb8 10. Be1 Rxb2 11. Rb1 Rxb1 12. Qxb1 Re8 13. Bh4 exd4 14. exd4 Bxe2 15. Re1 Bc4 16. Bxf6 Rxe1+ 17. Qxe1 Qxf6 18. Na4 Qxd4+ 19. Kh1 g6 20. c3 Qf4 0-1

[Event "FICGS rapid C 000088 email"]
[Site "FICGS email"]
[Date "2010.05.23"]
[Round "1"]
[White "Piantadosi, Angelo"]
[Black "Romanazzi, Dante Horacio"]
[Result "1-0"]
[WhiteElo "1560"]
[BlackElo "1596"]
[PlyCount "69"]
[EventDate "2010.??.??"]
[EventType "tourn (rapid)"]
[EventRounds "5"]
[SourceTitle "Corr 2013"]
[Source "ChessBase"]
[SourceDate "2012.11.12"]
[SourceVersion "1"]
[SourceVersionDate "2012.11.12"]
[SourceQuality "1"]

1. e4 e5 2. Nf3 d6 3. d4 f6 4. Bc4 Bg4 5. dxe5 Qe7 6. exd6 Qxd6 7. Qxd6 Bxd6 8. Nd4 a6 9. Nc3 Nd7 10. 0-0 0-0-0 11. Be6 Bh5 12. Nf5 g6 13. Nxd6+ cxd6 14. Bf4 g5 15. Bxd6 Be8 16. e5 h5 17. exf6 Ngxf6 18. Be5 Rh6 19. Rfe1 Nh7 20. Bf5 Bg6 21. Bg7 Bxf5 22. Bxh6 g4 23. Rad1 Bxc2 24. Rd2 Bf5 25. Red1 Nhf6 26. Bg5 Rg8 27. Bxf6 Nxf6 28. Nd5 Ne4 29. Ne7+ Kb8 30. Nxg8 Nxd2 31. Rxd2 b5 32. Ne7 Bb1 33. a3 h4 34. Rd4 g3 35. hxg3 1-0

[Event "FICGS class C 000140 email"]
[Site "FICGS email"]
[Date "2010.03.13"]
[Round "1"]
[White "Oraha, Zaki"]
[Black "Romanazzi, Dante Horacio"]
[Result "1-0"]
[WhiteElo "1643"]
[BlackElo "1672"]
[PlyCount "87"]
[EventDate "2010.??.??"]
[EventType "tourn (corr)"]
[EventRounds "6"]
[SourceTitle "Corr 2013"]
[Source "ChessBase"]
[SourceDate "2012.11.12"]
[SourceVersion "1"]
[SourceVersionDate "2012.11.12"]
[SourceQuality "1"]

1. d4 d5 2. c4 c6 3. Nc3 e6 4. Bf4 Bb4 5. e3 Bxc3+ 6. bxc3 Ne7 7. Bd3 f5 8. Nf3 0-0 9. 0-0 Bd7 10. Bd6 Rf7 11. Ne5 Rf6 12. f4 Be8 13. Bxe7 Qxe7 14. g4 Nd7 15. Kh1 Nxe5 16. fxe5 Rh6 17. gxf5 exf5 18. Bxf5 Qh4 19. Qe2 Bg6 20. cxd5 Bxf5 21. Rxf5 Qe4+ 22. Qf3 Qc2 23. h3 Qxc3 24. Rf1 Qb4 25. d6 Rxh3+ 26. Qxh3 Qc4 27. Qf3 h6 28. Rf8+ Rxf8 29. Qxf8+ Kh7 30. Kh2 Qe2+ 31. Qf2 Qh5+ 32. Kg2 Qg4+ 33. Qg3 Qe4+ 34. Kh2 Qc2+ 35. Rf2 Qe4 36. Qf4 Qg6 37. Qf5 Qxf5 38. Rxf5 Kg6 39. Rf4 Kh7 40. d7 g5 41. Rf6 Kg7 42. d8Q h5 43. Qe7+ Kg8 44. Rf8# 1-0

[Event "FICGS class C 000140 email"]
[Site "FICGS email"]
[Date "2010.03.13"]
[Round "1"]
[White "Romanazzi, Dante Horacio"]
[Black "Padilla, Jesus"]
[Result "0-1"]
[WhiteElo "1672"]
[BlackElo "1800"]
[PlyCount "74"]
[EventDate "2010.??.??"]
[EventType "tourn (corr)"]
[EventRounds "6"]
[SourceTitle "Corr 2013"]
[Source "ChessBase"]
[SourceDate "2012.11.12"]
[SourceVersion "1"]
[SourceVersionDate "2012.11.12"]
[SourceQuality "1"]

1. d4 Nf6 2. Nc3 d5 3. e3 e6 4. Bd3 Be7 5. Nge2 0-0 6. 0-0 c5 7. Ng3 Nc6 8. a3 Bd7 9. b3 cxd4 10. exd4 Nxd4 11. Bxh7+ Kxh7 12. Qxd4 Rh8 13. Bg5 Qb6 14. Qd3+ Kg8 15. Nce2 Bb5 16. Qe3 Bc5 17. Qf3 Nd7 18. a4 Ba6 19. Rfe1 Ne5 20. Qf4 Nc6 21. Rf1 f6 22. Bxf6 gxf6 23. Qxf6 Ne7 24. Qxe7 Bxe7 25. Rad1 Bc5 26. h3 Rf8 27. Nh1 Bxe2 28. Ng3 Bxd1 29. a5 Bxf2+ 30. Kh2 Qd4 31. Nh1 Qe5+ 32. g3 Bxc2 33. Rxf2 Rxf2+ 34. Nxf2 Qe2 35. Kg2 d4 36. b4 Be4+ 37. Kg1 Qe1+ 0-1

[Event "FICGS class C 000140 email"]
[Site "FICGS email"]
[Date "2010.03.13"]
[Round "1"]
[White "Salinas, Marcelo"]
[Black "Romanazzi, Dante Horacio"]
[Result "1/2-1/2"]
[WhiteElo "1608"]
[BlackElo "1672"]
[PlyCount "52"]
[EventDate "2010.??.??"]
[EventType "tourn (corr)"]
[EventRounds "6"]
[SourceTitle "Corr 2013"]
[Source "ChessBase"]
[SourceDate "2012.11.12"]
[SourceVersion "1"]
[SourceVersionDate "2012.11.12"]
[SourceQuality "1"]

1. e4 e5 2. Qf3 d6 3. Bc4 Qf6 4. d3 c6 5. Bg5 Qxf3 6. Nxf3 h6 7. Bh4 Ne7 8. 0-0 g5 9. Bg3 a5 10. a4 Be6 11. Nc3 Bxc4 12. dxc4 Bg7 13. Rad1 Nc8 14. h4 f6 15. h5 Ke7 16. b3 Na6 17. Rd2 Nc5 18. Re2 Nb6 19. Rd1 Na6 20. Red2 Rhd8 21. Na2 Nb4 22. c3 Nxa2 23. Rxa2 c5 24. Bh2 Nd7 25. g4 Nb8 26. Rb1 Nc6 1/2-1/2

[Event "FICGS class C 000136 email"]
[Site "FICGS email"]
[Date "2010.01.30"]
[Round "1"]
[White "Romanazzi, Dante Horacio"]
[Black "Prie, Eric"]
[Result "1-0"]
[WhiteElo "1783"]
[BlackElo "1726"]
[PlyCount "39"]
[EventDate "2010.??.??"]
[EventType "tourn (corr)"]
[EventRounds "5"]
[SourceTitle "Corr 2013"]
[Source "ChessBase"]
[SourceDate "2012.11.12"]
[SourceVersion "1"]
[SourceVersionDate "2012.11.12"]
[SourceQuality "1"]

1. d4 e6 2. e3 Nf6 3. Bd3 Be7 4. a3 0-0 5. Ne2 d5 6. 0-0 b6 7. Ng3 Ba6 8. Nc3 c5 9. f3 Bxd3 10. Qxd3 Nc6 11. Qb5 Rc8 12. Qe2 cxd4 13. exd4 Nxd4 14. Qd2 Bc5 15. Kh1 Nc6 16. b4 Nxb4 17. axb4 Bxb4 18. Bb2 Qc7 19. Nge2 Rfd8 20. Qd3 1-0

[Event "IECC CL7-2009.06 email"]
[Site "IECC email"]
[Date "2009.10.09"]
[Round "?"]
[White "Townley Johnson, Richard"]
[Black "Romanazzi, Dante Horacio"]
[Result "1-0"]
[WhiteElo "1155"]
[BlackElo "1090"]
[PlyCount "107"]
[EventDate "2009.??.??"]
[EventType "tourn (corr)"]
[EventRounds "4"]
[SourceTitle "Telechess CBM 149"]
[Source "ChessBase"]
[SourceDate "2012.07.17"]
[SourceVersion "1"]
[SourceVersionDate "2012.07.17"]
[SourceQuality "1"]
[WhiteTeam "South Africa"]
[BlackTeam "Argentina"]
[WhiteTeamCountry "RSA"]
[BlackTeamCountry "ARG"]

1. d4 d5 2. c4 c6 3. Nc3 e6 4. Nf3 h6 5. Bf4 Ne7 6. e3 Ng6 7. Bg3 Bb4 8. a3 Bxc3+ 9. bxc3 0-0 10. Qb3 Nd7 11. Be2 Nf6 12. Bd3 Ng4 13. h3 Nf6 14. 0-0 b6 15. Qb4 a5 16. Qd6 Qxd6 17. Bxd6 Re8 18. cxd5 exd5 19. a4 Ba6 20. Bxa6 Rxa6 21. Nd2 b5 22. axb5 cxb5 23. Bc7 a4 24. Rfb1 Ra7 25. Bd6 Rd8 26. Bc5 Rb7 27. Rxa4 bxa4 28. Rxb7 Ra8 29. Ra7 Rxa7 30. Bxa7 Ne7 31. Bc5 Nc6 32. Kf1 Nd7 33. Bd6 f5 34. Ke2 Na5 35. Kd3 Nf6 36. f3 Ne8 37. Ba3 Nc7 38. e4 fxe4+ 39. fxe4 dxe4+ 40. Nxe4 Nb5 41. Bb4 a3 42. Bxa3 Nxa3 43. d5 Kf7 44. g4 g6 45. h4 Ke7 46. g5 h5 47. Kd4 Nc2+ 48. Kc5 Nb7+ 49. Kc6 Nd8+ 50. Kc7 Nf7 51. d6+ Ke6 52. d7 Ke7 53. Nd6 Nd8 54. Nc8+ 1-0